banner-ar

POLICE SYSTEMS IN THE UNITED STATES / (Record no. 12746)

MARC details
000 -الفاتح
حقل البيانات ثابتة الطول 00476nam a2200181Ia 4500
008 - عناصر البيانات ثابتة الطول - معلومات عامة
حقل البيانات ثابتة الطول 140319s9999 xx 000 0 eng d
040 ## - مصدر الفهرسة
وكالة الفهرسة الأصلية GCL /
وكالة النسخ GCL
082 04 - رقم تصنيف ديوى العشرى
رقم التصنيف 351.740973
رقم المادة S P
100 1# - المدخل الرئيسى - إسم شخصى
الإسم الشخصى SMITH, BRUCE
245 10 - بيان العنوان
العنوان POLICE SYSTEMS IN THE UNITED STATES /
بيان المسئوليه,etc SMITH, BRUCE
260 ## - PUBLICATION, DISTRIBUTION, ETC. (IMPRINT)
تاريخ النشر أو التوزيع 1960
300 ## - الوصف المادى
التعداد 338 P
650 04 - المدخل الاضافى بالموضوع-مصطلح موضوعى
مصطلح موضوعي UNITED STATES - POLICY
650 04 - المدخل الاضافى بالموضوع-مصطلح موضوعى
مصطلح موضوعي UNITED STATES
650 04 - المدخل الاضافى بالموضوع-مصطلح موضوعى
مصطلح موضوعي POLICY
942 ## - عناصر المدخل الإضافي( كوها)
مصدر التصنيف او مخطط الترفيف Dewey Decimal Classification
Koha [default] item type كتاب
260 ## - PUBLICATION, DISTRIBUTION, ETC. (IMPRINT)
-- [S.N] :
-- HARPER AND BROTHERS ،
Holdings
حالة التراجع حالة الفقد حالة تلف ليس للاعارة المكان المؤقت الموقع الحالى تاريخ الاكتساب اجمالي اﻻعارات رقم الطلب الباركود تاريخ اخر مشاهدة تاريخ تفعيل السعر نوع وعاء كوها
        مكتبة القاهرة الكبرى مكتبة القاهرة الكبرى 03/26/2014   351.740973\S P 24675 03/26/2014 03/26/2014 كتاب

Powered By

EGPV